1515 1262 1120 1275 1122 1550 1715 1786 1101 1186 1419 1572 1869 1677 1506 1291 1913 1679 1653 1532 1931 1495 1851 1131 1361 1187 1642 1693 1462 1562 1742 1989 1407 1686 1621 1834 1300 1197 1609 1102 1647 1752 1049 1799 1814 1479 1214 1210 1134 1680 1114 1306 1843 1565 1832 1423 1958 1768 1619 1519 1928 1989 1465 1763 1095 1354 1958 1624 1163 1253 1857 1474 1851 1821 1808 1903 1337 1877 1090 1401 1083 1394 1415 1841 1207 1574 1770 1878 1288 1091 1037 1831 1886 1177 1348 1160 1333 1471 1573 BCNSPRNW ULIB Ver.6.0+V

เปลี่ยนเป็นภาษาไทย

Change to English
 แสดงรายละเอียดบรรณานุกรม
  กลับหน้าหลัก

Brief Record : Get Marc (ISO 2709) : E-mail record : QR code < ปิดหน้าต่าง
LEADER : 00000nam 2200000uu 4500
001    13399114760
003     ULIB
008    120514s2553||||th 000 0 tha d
020    ^a9789741108305
060 04 ^aWM105^bส867จ
100 0  ^aสุรีย์ กาญจนวงศ์
245 10 ^aจิตวิทยาสุขภาพ =^bHealth psychology /^cสุรีย์ กาญจนวงศ์
246 31 ^aHealth psychology
250    ^aพิมพ์ครั้งที่ 2
260    ^aนครปฐม :^bคณะสังคมศาสตร์และมนุษยศาสตร์ มหาวิทยาลัยมหิดล,^c2553
300    ^a192 หน้า ;^c23 ซม.
500    ^aSend to Single Search
650  4 ^aจิตวิทยา
650  4 ^aความเครียดทางจิต
650  4 ^aพฤติกรรมสุขภาพ
650  4 ^aสุขภาพจิต
710 2  ^aมหาวิทยาลัยมหิดล. ^bคณะสังคมศาสตร์และมนุษยศาสตร์
945    ^p250^l0^i19040
945    ^p250^l0^i19153
995    ^aกัณชพร
999 ^a ใช้งานได้ทุกระบบ
รายการนี้ยังไม่มีแท็ก
คุณยังไม่ได้ล็อกอิน คุณสามารถมีกิจกรรมร่วมกับเว็บไซต์ได้ แต่ต้องล็อกอินก่อน ::
  ล็อกอิน

รายการสื่อสารสนเทศ

ลำดับที่ ประเภท เลขเรียก/บาร์โค้ด สถานที่ สถานะ
1. วิทยาศาสตร์การแพทย์ และสุขภาพ
วิทยาศาสตร์การแพทย์ และสุขภาพ
สถานะ=หนังสือเก่า
WM105 ส867จ  
  Barcode: 19040
ห้องสมุดวิทยาเขตนครสวรรค์
►ส่วนจัดเก็บหนังสือเก่า นว.
บนชั้น
  ขอยืม

รายการใกล้เคียง
    ผู้แต่ง [สุรีย์ กาญจนวงศ์]

    หัวเรื่อง [จิตวิทยา]
    หัวเรื่อง [ความเครียดทางจิต]
    หัวเรื่อง [พฤติกรรมสุขภาพ]
    หัวเรื่อง [สุขภาพจิต]

BibComment


ยังไม่เคยถูกคอมเมนท์

คอมเมนท์ทรัพยากรรายการนี้
  คอมเมนท์: จิตวิทยาสุขภาพ ..


 Copyright 2026. Bcnsprnw @Library